Statistics for Turkey (The Bird)

Click here to take the quiz!

General Stats

  • This quiz has been taken 3,975 times
  • The average score is 7 of 12

Answer Stats

Hint Answer % Correct
On what holiday is it most common to roast a turkey in the U.S.?Thanksgiving
100%
On what holiday is it most common to roast a turkey in the U.K.?Christmas
90%
In the country of Turkey, the bird is known as "Hindi", because the Turks believed that the
bird originally came from which country?
India
87%
A dog says "woof". A cat says "meow". What does a turkey say?Gobble gobble
87%
Which U.S. founding father thought that the turkey was a more respectable bird
than the bald eagle?
Ben Franklin
67%
Turkeys are one of the six heaviest birds that can fly. Name one of the others.Bustard / Swan /
Albatross /
Pelican / Condor
62%
What does the U.S. President do to one lucky turkey each November?{Pardon} It
61%
In what sport can you get a "turkey" (if you're doing well)?Bowling
58%
What method of cooking a turkey is strongly discouraged by the
National Fire Protection Association?
Deep-Frying
48%
What is the name of the red flap of skin that hangs from a turkey's chin?Wattle
41%
But what country did the bird really come from?Mexico
27%
What red flap hangs down from the forehead over the nose?Snood
7%

Score Distribution

Percentile by Number Answered

Percent of People with Each Score

Your Score History

You have not taken this quiz